Responses for Show #4358 - Wednesday, July 9, 2003

Contestants

[<< previous game]

Shirley Brewer, an elementary school teacher from Guernsey, Wyoming

Nulty Lynch, a financial printer from Greenbelt, Maryland

Ethan Lowry, a software designer from Seattle, Washington (whose 3-day cash winnings total $31,401)

[next game >>]

Jeopardy! Round responses

RELIGION
JOHNNY COME LATELY
OLD AMERICAN THEATER
SHOW ME THE MONEY!
(Alex: That'll put me in...)
THE LAP OF LUXURY
"M"MMMMM GOOD!
    $200 6
Mohammed

Ethan
    $200 11
Johnny Weissmuller

Nulty
    $200 19
The Wizard of Oz

Nulty
    $200 24
Charles Lindbergh

Nulty
    $200 16
watches

Nulty
    $200 1
mummy

Nulty
    $400 7
Orthodox churches

Ethan
    $400 12
(Nulty: Who is Johnny Mandel?)

Johnny Mathis

NultyShirley
    $400 22
Wootsie

Triple Stumper
    $400 25
Nobel Prizes

Ethan
    $400 17
yachts

Ethan
    $400 2
Maine

Nulty
    $600 8
Universal Life Church

Ethan
    $600 13
Johnny Cash

Nulty
    $600 23
magician

Nulty
    $600 26
(Ethan: What is 81 cents?)
....
(Alex: Do the math quickly...you forgot the silver dollar, the 50-cent piece, the quarter, the dime, the nickel & the penny.)

$1.91

Ethan
Triple Stumper
    $600 18
Kevin Brown

Triple Stumper
    $600 3
magnum

Nulty
    $800 9
karma

Nulty
    $800 14
Johnny Depp

Nulty
    $1,000 29
(Ethan: What is "The Legend of Sleepy Hollow"?")

Sleeping Beauty

Ethan
    $800 27
(Nulty: What is Denmark?)
(Ethan: What is Germany?)

England

EthanNulty
Triple Stumper
    $800 20
BMW

Ethan
    $800 4
Benito Mussolini

Ethan
    $1000 10
shiva

Nulty
    $1000 15
Johnny Rotten (John Lydon)

Nulty
    $1000 30
Victor Herbert

Triple Stumper
    $1000 28
"In God We Trust"

Ethan
    $1000 21
bicycles

Ethan
    $1000 5
magic lantern

Triple Stumper

Scores at the first commercial break (after clue 15):

Ethan Nulty Shirley
$2,000 $5,200 $400

Scores at the end of the Jeopardy! Round:

Ethan Nulty Shirley
$3,200 $5,600 $400

Double Jeopardy! Round responses

HISTORIC NAMES
'50s TV
(Alex: We want you to name the country as we give you...)
NATIONAL PARKS OF THE WORLD
EAT, EAT!
18th CENTURY ART
GIMME AN "E"
    $400 6
Marquis de Lafayette

Shirley
    $400 8
India

Ethan
    $400 24
Canada

Ethan
    $400 14
stuffing

Shirley
    $400 19
Venice

Ethan
    $400 1
eulogies

Ethan
    $800 7
Charlie Chaplin & Mahatma Gandhi

Triple Stumper
    $800 9
Edward R. Murrow

Shirley
    $800 25
the Philippines

Ethan
    $800 15
a sanddab

Triple Stumper
    $800 20
still life

Ethan
    $800 2
enlightened one

Ethan
    $1,000 13
(Shirley: Who is Kepler?)

Rene Descartes

Shirley
    $1200 10
Loretta Young & Robert Young

Shirley
    $1200 26
Ecuador

Ethan
    $1200 16
shawarma

Triple Stumper
    $1,000 21
(Alex: With about a minute to go.)

Rococo

Ethan
    $1200 3
East Timor

Ethan
    $1600 17
Matthew Perry

Triple Stumper
    $1600 11
Betty White

Triple Stumper
    $1600 27
South Africa

Nulty
    $1600 29
[The end-of-round signal sounds.]

mortar

Nulty
    $1600 22
landscape art

Triple Stumper
    $1600 4
Ellis Island

Ethan
    $2000 18
Maximilian

Shirley
    $2000 12
(Shirley: Who is Walter Winchell?)
(Ethan: Who is Bergen?)

Paul Winchell

EthanShirley
Triple Stumper
    $2000 28
Chile

Triple Stumper
    $2000 23
Sir Joshua Reynolds

Triple Stumper
    $2000 5
(Ethan: What is Eritrea?)

Ethiopia

EthanShirley

Scores at the end of the Double Jeopardy! Round:

Ethan Nulty Shirley
$8,200 $8,800 $4,200

[wagering suggestions for these scores]

Final Jeopardy! Round responses

COMPUTERS
ShirleyWhat is a mouse?
$2,000
EthanWhat is a floppy disk drive
$7,200
NultyWhat is a floppy disk drive?
$7,601
floppy (or 3 1/2 inch) disk drive

Final scores:

Ethan Nulty Shirley
$15,400 $16,401 $2,200
2nd place: $2,000 New champion: $16,401 3rd place: $1,000

Game dynamics:

Coryat scores:

Ethan Nulty Shirley
$9,400 $8,800 $5,200
20 R
(including 1 DD),
5 W
(including 1 DD)
15 R,
2 W
7 R,
2 W
(including 1 DD)

Combined Coryat: $23,400

[game clues] [game scores] [suggest correction]

Game tape date: 2003-03-05
The J! Archive is created by fans, for fans. Scraping, republication, monetization, and malicious use prohibited; this site may use cookies and collect identifying information. See terms. The Jeopardy! game show and all elements thereof, including but not limited to copyright and trademark thereto, are the property of Jeopardy Productions, Inc. and are protected under law. This website is not affiliated with, sponsored by, or operated by Jeopardy Productions, Inc. Join the discussion at JBoard.tv.